000 00682nam a2200265Ia 4500
005 20260121114436.0
008 008 260114s9999 xx 000 0 eng d
020 _a9788126582808
037 _aEBOOK
040 _aCRL
040 _beng
040 _cCRL
041 _2eng
041 _aeng
084 _qCRL
100 _aAbbott
_9975113
245 0 _aApplied Predictive Analytics: Principles and Techniques for The Professional Data Analyst
260 _bWiley
260 _c2018
650 _aAnalytics / Big Data
_9975114
856 _uhttps://ebooks.wileyindia.com/product-details/282027
942 _cEBOOK
999 _c1554171
_d1554171